Statystyki dla Flagi państw "Pod Lupą" #2

Kliknij tutaj aby rozwiązać quiz!

Ogólne statystyki

  • Ten quiz został rozwiązany 215 razy
  • Średni wynik to 13 z 16

Statystyki odpowiedzi

Odpowiedź% Poprawnych
Białoruś
97%
Macedonia Północna
96%
Hiszpania
95%
Serbia
94%
Korea Południowa
93%
Arabia Saudyjska
92%
Pakistan
89%
Islandia
88%
Filipiny
84%
Bhutan
80%
Korea Północna
77%
Szwecja
72%
Malta
67%
Trynidad i Tobago
66%
Tajwan
64%
Singapur
60%

Rozkład punktacji

Percentyl według liczby udzielonych odpowiedzi

Procent ludzi z każdym wynikiem

Twoja historia wyników

Nie rozwiązałeś tego quizu